sportifs français - Statistiques

Statistiques générales
  • Ce quiz a été pris 40 fois
  • Le résultat moyen est 5 sur 16
Statistiques - réponses
Par images Réponse % Correct
Marie José Perec
79%
Basile Boli
77%
Laure Manaudou
74%
David Douillet
69%
David Ginola
62%
Thomas Voeckler
41%
Marie Pierce
36%
Richard Virenque
33%
Carole Montillet
18%
Florence Arthaud
13%
Colette Besson
10%
Celine Geraud
5%
Carole Merle
3%
Chantal Jouanno
3%
Didier Pironi
3%
Jean Charles Trouabal
0%
Aucun quiz correspondant
Distribution des résultats
% des personnes avec chaque résultat
Percentile par nombre de réponses
Votre historique - résultats
Vous n’avez pas pris ce quiz